Responses for Show #1702 - Tuesday, January 14, 1992

Contestants

[<< previous game]

Christine Boyett-Thompson, a college instructor from Houston, Texas

John Ferraro, a landscaper from Rotonda West, Florida

Liz MacGillicuddy-Lucas, an actress originally from Hollywood, California (whose 3-day cash winnings total $26,798)

[next game >>]

Jeopardy! Round responses

ANIMALS
LANDMARKS
POOL
MUSIC
FASHION ACCESSORIES
SPELL THAT NAME
(Alex: The dreaded spelling category! You'd think we were in a Teen Tournament.)
    $100 1
South America

Liz
    $100 3
Independence Hall

John
    $100 23
chalk

John
    $100 16
Grace Kelly

John
    $100 11
snakes

Christine
    $100 17
J-O-D-I-E

John
    $200 2
a walrus

John
    $200 4
Quebec

Christine
    $200 24
English

John
    $200 19
2001: A Space Odyssey

John
    $200 12
a gauntlet

John
    $200 18
J-A-C-L-Y-N

Liz
    $300 5
a moose

John
    $300 8
Maya

John
    $300 25
(John: [No response])

to scratch

John
Triple Stumper
    $300 28
the drums

Christine
    $300 13
love beads

Christine
    $300 20
F-U-N-I-C-E-L-L-O

John
    $400 6
a possum

Liz
    $400 9
the Hoover Dam

Triple Stumper
    $400 26
(Alex: Yes, we've got a minute left.)

slate

John
    $400 29
(John: What is flamenco?)

the tango style

John
Triple Stumper
    $400 14
spectators

John
    $400 21
(Liz: What is F-O-N-T-Y-N?)

F-O-N-T-E-Y-N

LizJohn
    $500 7
(John: What is a Lhapsa aso?)
(Liz: What is a shar-pei?)
...
(Alex: Liz is upset with herself. Instead of shar-pei, she meant to say [*].)

shih tzu

LizJohn
Triple Stumper
    $500 10
Prague

Liz
    $500 27
(Christine: What is 10?)
(John: What are 7?)
(Liz: What are 9?)
...
(Alex: No harm, no foul, on that one. You each lost the same amount of money. All of the balls, all [*] are racked.)

15

LizJohnChristine
Triple Stumper
    $800 30
(Christine: What is the tympani?)
...
(Alex: Tympani are the big drums, this is the [*], the [*]. That's why the word "heavenly" was in quotation marks.)

celeste

Christine
    $500 15
a purse

Christine
    $500 22
M-A-C-H-I-A-V-E-L-L-I

John

Scores at the first commercial break (after clue 15):

Liz John Christine
$500 $1,000 $1,100

Scores at the end of the Jeopardy! Round:

Liz John Christine
-$200 $2,100 $100

Double Jeopardy! Round responses

CAPTAIN COOK
(Alex: The famous one.)
STATE CAPITALS
1942
THE BODY HUMAN
OLD GLORY
NOVELS
    $200 1
(Liz: My mother was Australian, so I'd better start with CAPTAIN COOK for $200, please.)

James

John
    $200 16
Springfield (Illinois)

John
    $200 26
(Liz: 1942...)
[The end-of-round signal sounds.]
(Alex: Oh, we won't get a chance to explore any of the other clues in that column.)

Hawaii

Liz
    $200 11
the sternum

Triple Stumper
    $200 21
July 4th

John
    $200 4
Lorna Doone

Christine
    $400 2
the Northwest Passage

John
    $400 17
Olympia

John
    $400 12
(Liz: What is the larynx?)
(John: What is the eustachian tube?)

the pharynx

LizJohn
Triple Stumper
    $400 22
in times of distress

Christine
    $400 5
The Stranger

John
    $600 3
scurvy

Christine
    $600 18
Tallahassee

Christine
    $600 13
(Liz: What are the neck, the [*]?)
(Alex: [*], yes.)

upper back

Liz
    $600 23
(Alex: And we have less than a minute to go.)
[NOTE: This was the 405,000th clue entered into the J! Archive, on 2020-10-11.]

the Sea of Tranquility (on the moon)

Christine
    $600 8
(John) Jakes

Christine
    $800 6
New South Wales

Liz
    $800 19
Phoenix, Arizona

Triple Stumper
    $800 14
the pulmonary veins

Triple Stumper
    $900 24
48

Christine
    $800 9
Bleak House

Christine
    $1,000 7
the Endeavour

Liz
    $1000 20
Indianapolis

Triple Stumper
    $1000 15
dendrites

Triple Stumper
    $1000 25
30 days

Triple Stumper
    $1000 10
A Tree Grows in Brooklyn

Liz

Scores at the end of the Double Jeopardy! Round:

Liz John Christine
$3,000 $3,500 $4,800

[wagering suggestions for these scores]

Final Jeopardy! Round responses

BUSINESS & INDUSTRY
LizWhat is Seagrams?
$3,000
JohnWhat is Seagram?
$3,200
ChristineWhat is Vo V
$2,300
Seagram

Final scores:

Liz John Christine
$6,000 $6,700 $2,500
2nd place: Trip for 2 to Puerto Rico and St. Kitts New champion: $6,700 3rd place: Aiwa mini stereo

Game dynamics:

Coryat scores:

Liz John Christine
$3,000 $3,500 $5,500
9 R
(including 1 DD),
4 W
21 R,
5 W
13 R
(including 1 DD),
2 W
(including 1 DD)

Combined Coryat: $12,000

[game clues] [game scores] [suggest correction]

Game tape date: 1991-11-05
The J! Archive is created by fans, for fans. Scraping, republication, monetization, and malicious use prohibited; this site may use cookies and collect identifying information. See terms. The Jeopardy! game show and all elements thereof, including but not limited to copyright and trademark thereto, are the property of Jeopardy Productions, Inc. and are protected under law. This website is not affiliated with, sponsored by, or operated by Jeopardy Productions, Inc. Join the discussion at JBoard.tv.